Регионална библиотека "Любен Каравелов" - Русе

Терапевтични беседи (Запис номер 416429)

MARC детайли
000 -Лидер
Контролно поле с фиксирана дължина nam a22 a 4500
003 - Код на организацията, давaща контролен номер
Контролно поле BLK
005 - Дата и час на последна редакция
Контролно поле 20210527105013.0
008 - Елементи от данни с фиксирана дължина
fixed length control field 210527b bu |||||r|||| 00| | bu d
040 ## - Източник на каталожния запис
Идентификатор на билиотеката - собственик на записа BLK
041 ## - Код за език
Код за езика на текст/звукозапис или на отделно заглавие Български
Код за езика КДБФ Български
080 ## - УДК
Текстов определител УДК Вътрешни болести
УДК код - определител по УДК 616.1/.4
УДК - код + определител 616.1/.4
100 ## - Редна дума - Автор
R(LIN) 1299
Автор Киркович, Стоян Кирков
Авторска отговорност първи автор
139 ## - Редно поле
Редна дума Киркович, Стоян Кирков
245 ## - Сведения за заглавието
Заглавие Терапевтични беседи
Редно поле (дума) Стоян Киркович
250 ## - Област на изданието
Сведения за изданието 2. изд
260 ## - Област на издателските данни
Място на издаване, разпространение и проч. София
Година на издаване 1945
Печатница София : Хр. Г. Данов
300 ## - Физическа характеристика
Страници VII, 231 с.
Размери/Мащаб 24 см
380 ## - Жанр
Жанр Медицина
650 #0 - Допълнително описание по предмет – тема
9 (RLIN) 250376
Основно описание – тема или топоним Вътрешни болести - терапия
653 #7 - Ключова дума – ненормативна
9 (RLIN) 183774
Ключова дума вътрешни болести
653 #7 - Ключова дума – ненормативна
9 (RLIN) 198225
Ключова дума терапия
653 #7 - Ключова дума – ненормативна
9 (RLIN) 181863
Ключова дума беседи
852 ## - Местоположение
Форматна сигнатура Цб 6.235.17300
Фондова буква Основен фонд - ползва се само за читалня
999 ## - СИСТЕМНИ КОНТРОЛНИ НОМЕРА
Koha biblionumber 416429
Koha biblioitemnumber 416429
942 ## - АРТИКУЛИ
Вид на библиотечния материал Книги
Скрит в OPAC Не
Периодичен библиозапис Да
944 ## - СЪЗДАВАНЕ И РЕДАКЦИЯ на ЗАПИСА
Създаване/Редакция Създаване
Дата на регистрацията/редакция 2021-05-27
Служител, извършил регистрацията/редакцията Христина Везирева
Наличности
Код за отписване Код за изгубен артикул Източник на класификационната схема Код за повреда Коз за рестрикции Код за отдаване Артикулен № Име на библиотеката - собственик Име на библиотеката, в която се намира в момента Статус (Текущо местоположение) Дата на вписване в системата Местоположение - отдел Цена в лева Инвентарен номер Систематично азбучна сигнатура Баркод Цена в евро Служебен тип на артикула
  Не е изгубен Universal Decimal Classification Не е повреден само за читалня ползва се в читалня 833003 Регионална библиотека "Любен Каравелов" Русе Регионална библиотека "Любен Каравелов" Русе Хранилище 2021-05-28 Основен фонд - ползва се само за читалня 0.60 17300 Цб 6.235.17300 900000061983 0.31 Книги
Vip Innovations Ltd, Rousse, Bulgaria 2025